Mastock - Statistiques

Statistiques générales
  • Ce quiz a été pris 8 fois
  • Le résultat moyen est 72 sur 104
Statistiques - réponses
Album Feat Musiques % Correct
Goat 56 mesures de ma vie
100%
Face cachée Fumy Air de Décembre
100%
La célébrité les tueras Arc en ciel
100%
Derniere danse Bibi
100%
Goat BINKS
100%
Demain n'existe plus Bobo au coeur
100%
Single Bouger les hanches
100%
Goat BONUS Capitaine
100%
Derniere danse Cassé
100%
Demain n'existe plus Changements
100%
Demain n'existe plus Demain n'existe plus
100%
La célébrité les tueras En légende
100%
Demain n'existe plus Fall in love
100%
Derniere danse RÉEDITION BONUS Flash KFY
100%
Goat W3ry Grain de sable
100%
Derniere danse Hiver
100%
Derniere danse Indépendant
100%
Derniere danse RÉEDITION Inédit
100%
Face cachée Fumy Intro boss
100%
La célébrité les tueras Intro CR7
100%
Goat Intro goat
100%
Demain n'existe plus Intro Panthéon
100%
La célébrité les tueras Je sais
100%
La célébrité les tueras J'fais le tour du binks
100%
Face cachée Fumy La parisienne
100%
Goat BONUS Le sifflement sentimental
100%
Single Loin de là
100%
Goat Maintenant
100%
La célébrité les tueras Ma peine
100%
Derniere danse M.A.S.T.O.C.K
100%
Derniere danse RÉEDITION Monsieur ouwga
100%
Derniere danse RÉEDITION On sait tous que tu l'aimes
100%
Face cachée Fumy Outro
100%
Goat Paradis
100%
La célébrité les tueras Paradis 2.0
100%
Goat Pirates
100%
Demain n'existe plus Priorités
100%
La célébrité les tueras Sans rêves
100%
Derniere danse Sans thème
100%
Single Sauvage
100%
La célébrité les tueras Say my name
100%
La célébrité les tueras Sous côté
100%
La célébrité les tueras Sous le sun
100%
Face cachée Fumy Têtes dans les nuages
100%
Derniere danse RÉEDITION Ton message vocal
100%
Goat AMR Ton numéro
100%
Derniere danse Vinicius
100%
Derniere danse BONUS Wouh
100%
La célébrité les tueras Y'a pas que toi dans ma tête
100%
Derniere danse RÉEDITION À Maëva
50%
Single Bleu
50%
Goat Bye bye
50%
Derniere danse Chante pour elle
50%
La célébrité les tueras Clash
50%
Derniere danse RÉEDITION Clés du rap
50%
Goat Come with me
50%
Derniere danse Dernière danse
50%
Derniere danse Doublé
50%
Demain n'existe plus Encrée en moi
50%
Derniere danse RÉEDITION Envie d'écrire
50%
Derniere danse Feuilles blanches
50%
Demain n'existe plus Gros salaire
50%
Demain n'existe plus Interlude
50%
Derniere danse Interlude GP
50%
La célébrité les tueras Interlude OG
50%
Derniere danse Intro D.D.L.F
50%
Single Invincible
50%
Derniere danse RÉEDITION BONUS Irremplaçable
50%
Goat Je sais c'est triste
50%
Derniere danse J'pose mon micro
50%
Demain n'existe plus J'suis plus à ça près
50%
La célébrité les tueras Jusqu'où ça ira
50%
Derniere danse RÉEDITION Kanagawa
50%
Derniere danse RÉEDITION BONUS Lâche en amour
50%
Single La dalle
50%
Face cachée Fumy La fin du silence
50%
La célébrité les tueras Le silence fait des ravages
50%
La célébrité les tueras Lova
50%
Goat Loyal
50%
Goat Ma plume
50%
Le célébrité les tueras BONUS Mauvais garçon
50%
Face cachée Fumy Monaco
50%
La célébrité les tueras BONUS Namek
50%
Demain n'existe plus No hearth
50%
Single Par amour
50%
Single Pas d'places pour les seconds
50%
La célébrité les tueras Pas l'temps pour toi
50%
Demain n'existe plus Pepe
50%
Derniere danse RÉEDITION Sablier
50%
Derniere danse RÉEDITION Sale égo
50%
Demain n'existe plus Sans un mot
50%
Derniere danse BONUS Tempête
50%
Goat Temps
50%
Goat Toute la vie x nuit
50%
Single 23h59
0%
Demain n'existe plus B.A.B 2.0
0%
Goat J'regarde jamais derrière moi
0%
Demain n'existe plus King James
0%
La célébrité les tueras Le célébrité les tueras
0%
Demain n'existe plus Le soleil se couche
0%
La célébrité les tueras Message à celle qui m'aimera
0%
Demain n'existe plus Plus personne pour me sauver
0%
Goat Suspect
0%
Goat Un jour
0%
Aucun quiz correspondant
Distribution des résultats
% des personnes avec chaque résultat
Percentile par nombre de réponses
Votre historique - résultats
Vous n’avez pas pris ce quiz